30 Best Players of All Time in CS2/GO - Statistics

General Stats
  • This quiz has been taken 38 times
  • The average score is 18 of 30
Answer Stats
Team Player Rating 3.0 % Correct
Falcons,G2 m0NESY 1.19
100%
Falcons,FaZe,G2,MOUZ NiKo 1.13
100%
Natus Vincere s1mple 1.24
100%
Team Vitality ZywOo 1.25
100%
Team Spirit,Gambit,Cloud9 sh1ro 1.20
97%
Astralis device 1.14
94%
Team Vitality,MOUZ,FaZe ropz 1.11
91%
FURIA KSCERATO 1.10
85%
BIG,Eternal Fire,Space Soldiers XANTARES 1.10
85%
SK,FaZe,Luminosity,MIBR coldzera 1.12
76%
FaZe,Team Liquid Twistzz 1.08
73%
G2,Envy kennyS 1.09
67%
Virtus.pro,AVANGAR,Outsiders Jame 1.10
64%
MOUZ,Team Vitality,ENCE Spinx 1.08
64%
FaZe,MOUZ frozen 1.09
61%
Fnatic,Astralis,Complexity,HEROIC blameF 1.11
58%
Team Spirit,OG,HEROIC,Falcons degster 1.10
58%
FaZe,Natus Vincere GuardiaN 1.08
55%
FaZe broky 1.07
48%
Natus Vincere,Team Spirit w0nderful 1.09
48%
Aurora,Eternal Fire,Hell Raisers,MOUZ woxic 1.08
45%
MOUZ,HellRaisers,SINNERS oskar 1.11
42%
MOUZ torzsi 1.09
42%
Gambit,Cloud9 Ax1Le 1.08
39%
G2,ENCE,Falcons,Movistar Riders,HEROIC SunPayus 1.08
36%
NRG,Evil Geniuses Brehze 1.07
27%
Immortals,FURIA,Imperial HEN1 1.07
27%
Team Liquid,Extra Salt,Cloud9 oSee 1.06
21%
FORZE,K23 xsepower 1.10
12%
OG,BIG mantuu 1.07
6%
No matching quizzes found
Score Distribution
Percent of People with Each Score
Percentile by Number Answered
Your Score History
You have not taken this quiz